An analysis of problems faced by knitwear industry in Tirupur / (Record no. 41350)

MARC details
000 -LEADER
fixed length control field 00718nam a22001937a 4500
005 - DATE AND TIME OF LATEST TRANSACTION
control field 20100812135712.0
010 ## - LCCN (DPL NO)
LC control number ENG-99990
020 ## - INTERNATIONAL STANDARD BOOK NUMBER
Terms of availability 50.00
035 ## - SYSTEM CONTROL NUMBER
System control number EN-83522
037 ## - SOURCE OF ACQUISITION
Source of stock number/acquisition DBAD/PUB
082 ## - DEWEY DECIMAL CLASSIFICATION NUMBER
Classification number 338.43
100 ## - MAIN ENTRY--PERSONAL NAME
Personal name Rajeswari, R.
245 ## - TITLE STATEMENT
Title An analysis of problems faced by knitwear industry in Tirupur /
Statement of responsibility, etc by R. Rajeswari
260 ## - PUBLICATION, DISTRIBUTION, ETC. (IMPRINT)
Place of publication, distribution, etc Coimbatore
Name of publisher, distributor, etc Annamalayar Educational Publication
Date of publication, distribution, etc 2008
270 ## - ADDRESS
Address 8/305, Thulasinga Nagar, Valparai Post
City Coimbatore
Postal code 642127
300 ## - PHYSICAL DESCRIPTION
Extent 82p.
Dimensions 20cm (pbk)
942 ## - ADDED ENTRY ELEMENTS (KOHA)
Source of classification or shelving scheme Dewey Decimal Classification
Item type English Books
Classification part 338.43
Call number suffix RAJ
Holdings
Withdrawn status Lost status Not for loan Collection code Home library Current library Date acquired Source of acquisition Cost, normal purchase price Full call number Barcode Copy number Cost, replacement price Koha item type
    Not For Loan Non-fiction D.B.Act.Division D.B.Act.Division 12/08/2010 DBAD/PUB 50.00 338.43 RAJ EN-83522 1 50.00 English Books

© Delhi Public Library
Hit Counter
free hit counter